Bruce Springsteen: Hungry Heart Lyrics - Statistics

General Stats
  • This quiz has been taken 144 times
  • The average score is 85 of 114
Answer Stats
Lyrics % Correct
a
100%
Got
100%
got
100%
heart
99%
hungry
99%
everybody
96%
I
95%
and
92%
we
88%
never
86%
for
85%
in
85%
back
84%
Jack,
84%
to
84%
went
84%
kids
82%
out
82%
wife
82%
Baltimore,
81%
ride
81%
you
77%
everybody's
74%
it
73%
just
70%
going
68%
like
68%
that
68%
don't
67%
kept
67%
know
67%
took
67%
down
66%
it's
66%
where
66%
your
64%
river
63%
had
62%
home
59%
love
59%
turn
59%
have
58%
wants
58%
bar
56%
flowing
56%
her
56%
met
56%
what
56%
wrong
56%
Lay
55%
money
55%
part
55%
place
55%
no
53%
play
53%
fell
52%
knew
52%
needs
52%
Kingstown
51%
be
49%
end
48%
rest
48%
apart
47%
nobody
42%
alone
41%
says
41%
make
38%
ripped
38%
ain't
37%
difference
34%
No matching quizzes found
Score Distribution
Percent of People with Each Score
Percentile by Number Answered
Your Score History
You have not taken this quiz